Proceeding by Gary L Mullen and REFs (Record no. 66964)

MARC details
000 -LEADER
fixed length control field 01292nam a2200337Ia 4500
003 - CONTROL NUMBER IDENTIFIER
control field OSt
005 - DATE AND TIME OF LATEST TRANSACTION
control field 20220912151346.0
008 - FIXED-LENGTH DATA ELEMENTS--GENERAL INFORMATION
fixed length control field 220909b |||||||| |||| 00| 0 eng d
020 ## - INTERNATIONAL STANDARD BOOK NUMBER
International Standard Book Number 3540439617 (hbd)
037 ## - SOURCE OF ACQUISITION
Terms of availability Textual
040 ## - CATALOGING SOURCE
Original cataloging agency CSL
Language of cataloging eng
Transcribing agency CSL
041 ## - LANGUAGE CODE
Language code of text/sound track or separate title eng
100 ## - MAIN ENTRY--PERSONAL NAME
Personal name Mullen Gary L Ed
111 ## - MAIN ENTRY--MEETING NAME
Meeting name or jurisdiction name as entry element International conference on finite fields with applications to coding theory, cryptography and related areas^j6th^gOaxaca, Mexico^iMay 21-25, 2001
245 #0 - TITLE STATEMENT
Title Proceeding by Gary L Mullen and REFs
260 ## - PUBLICATION, DISTRIBUTION, ETC.
Place of publication, distribution, etc. Berlin
Name of publisher, distributor, etc. Springer-Verlag
Date of publication, distribution, etc. 2002
300 ## - PHYSICAL DESCRIPTION
Extent ix, 334p
500 ## - GENERAL NOTE
General note Includes bibliographical references; Index p335; ^n23/CSL/B/2002-2003/166^d2003-02-21^mPurchase; ; 2002-03/811^b2003-03-20^cATB/262^d2003-03-11^eRs.9,403.25^fAshutosh Technical Books; ; 2003-05-23^bSB^c2004-01-12^bVijay
650 ## - SUBJECT ADDED ENTRY--TOPICAL TERM
Topical term or geographic name entry element Coding theory
650 ## - SUBJECT ADDED ENTRY--TOPICAL TERM
Topical term or geographic name entry element Cryptography
650 ## - SUBJECT ADDED ENTRY--TOPICAL TERM
Topical term or geographic name entry element Mathematics
700 ## - ADDED ENTRY--PERSONAL NAME
Personal name Stichtenoth Henning Ed
700 ## - ADDED ENTRY--PERSONAL NAME
Personal name Tapia-Recillas Horacio Ed
942 ## - ADDED ENTRY ELEMENTS (KOHA)
Classification part B264p1,P01, P2
Koha item type Textual
Source of classification or shelving scheme Colon Classification (CC)

No items available.

Copyright @ Delhi University Library System